000 00604nam a2200181Ia 4500
005 20260429112246.0
008 260429s9999||||xx |||||||||||||| ||und||
020 _a9788194165620
041 _aHindi
082 _a294.5922
_bRAV
100 _aरावत, आशा सिंह
245 0 _aश्रीमद्भागवत में जीवन दर्शन /
_cआशा सिंह रावत
250 _a1st ed.
260 _aदिल्ली :
_bईस्टर्न बुक लिंकर,
_c2019.
300 _axxxiii, 369 p.; Hb
650 _aReligion
942 _cTB
999 _c53167
_d53167